The political climate for higher education during Duane Webster's ARL tenure /

সংরক্ষণ করুন:
গ্রন্থ-পঞ্জীর বিবরন
প্রধান লেখক: Shulenburger, David.
বিন্যাস: প্রবন্ধ
ভাষা:English
বিষয়গুলি:
ট্যাগগুলো: ট্যাগ যুক্ত করুন
কোনো ট্যাগ নেই, প্রথমজন হিসাবে ট্যাগ করুন!
Thư viện lưu trữ: Thư viện Trường Đại học Đà Lạt
LEADER 00886nam a2200289 4500
001 DLU090098920
005 ##20091201
040 # # |a DLU  |b eng 
041 # # |a eng 
044 # # |a us 
100 # # |a Shulenburger, David.  
245 # # |a The political climate for higher education during Duane Webster's ARL tenure /  |c David Shulenburger. 
653 # # |a Academic libraries 
653 # # |a Association of Research Libraries 
653 # # |a Higher education  
653 # # |a Political aspects 
653 # # |a United States 
773 # # |t Portal : Libraries and the Academy  |g Vol. 9, no. 3 (July 2009), p. 363-366 
920 # # |a Phòng Tạp chí -- Trung tâm Thông tin - Thư viện Trường Đại học Đà Lạt 
994 # # |a DLU 
900 # # |a True 
911 # # |a Trương Bảo Trâm Anh 
925 # # |a G 
926 # # |a A 
927 # # |a BB 
980 # # |a Thư viện Trường Đại học Đà Lạt